000
00241nam a2200097Ia 4500
008
120527s9999 xx 000 0 und d
100
_a
UNIVERSITY OF NIG.
245
_a
University of Nigeria 2001-2004 calendar
260
_b
U. N
942
_c
BK
999
_c
25255
_d
25255